| 000 | 01770nam a2200313Ia 4500 | ||
|---|---|---|---|
| 999 |
_c35769 _d35769 |
||
| 001 | 1650 | ||
| 003 | GE_BSU | ||
| 005 | 20251001151156.0 | ||
| 008 | 181216s2011||||ge |||||||||||||| ||geo|| | ||
| 020 | _a9789941180316 | ||
| 040 | _cGE_BSU | ||
| 041 | _ageo | ||
| 080 | _a008+005 ჰ–85 | ||
| 100 |
_aჰოფსტედე, გირტ _925911 |
||
| 245 |
_aკულტურები და ორგანიზაციები : _bგონების პროგრამული უზრუნველყოფა / _cგირტ ჰოფსტედე და გერტ იან ჰოფსტედე; [მთარგმნ.: ლიანა ბარაბაძე, თამარ გოგიშვილი; რედ. ნინო ჯავახიშვილი]. |
||
| 264 |
_aთბილისი : _bილიას სახელმწ. უნ-ტი, _c2011. |
||
| 300 |
_a419 გვ. ; _b22 სმ. |
||
| 500 | _a სახ. და საგნ. ინდექსები: გვ. 391-417. | ||
| 501 | _a შენიშვნ. და განმარტ.: გვ. 346-374. | ||
| 504 | _a ბიბლიოგრ.: გვ. 375-390. | ||
| 541 | _h15 ლ. | ||
| 653 | _aკულტურის სოციოლოგია | ||
| 653 | _aსოციალური კომუნიკაცია | ||
| 700 |
_aჰოფსტედე, გერტ იან _eავტორი _925912 |
||
| 700 |
_aბარაბაძე, ლიანა _eმთარგმნელი _925913 |
||
| 700 |
_aგოგიშვილი, თამარ _eმთარგმნელი _925914 |
||
| 700 |
_aჯავახიშვილი, ნინო _eრედაქტორი _925915 |
||
| 942 |
_cBK _2udc |
||